00309nam a2200121Ia 4500008004100000082001700041100002600058245001900084260004000103365000600143630001900149730001900168100415s9999 xx 000 0 und d b5778a591.52 aParker Bertha Morris aAnimal Travels aLONDONc1956bROW, PETERSON AND CO. b0 aAnimal Travels aAnimal Travels